000 00752nam a2200229Ia 4500
001 776
003 GE_BSU
008 181216s||||||||xx |||||||||||||| ||und||
020 _a5511007641
040 _cGE_BSU
080 _a821.161.2.09
100 _aბაქანიძე, ოთარ
245 _aუკრაინული ლიტერატურა.II.
245 _cრედ.რ.ხვედელიძე;ლ.გამცემლიძე
260 _aთბილისი
260 _bთბილისის უნივერსიტეტის გამ–ბა
260 _c1997
300 _a492გვ.
541 _h20ლ.
653 _aუკრაინული ლიტერატურა
942 _cBK
999 _c34947
_d34947